| 000 | 01099nam a22003377a 4500 | ||
|---|---|---|---|
| 001 | BR9901571 | ||
| 003 | BR-BrBNA | ||
| 005 | 20230928100254.0 | ||
| 007 | ta | ||
| 008 | 230509b bl.||||| |||| 00| 0 por d | ||
| 040 |
_aBR-BrBNA _bpor _cBiblioteca Nacional de Agricultura |
||
| 041 | _a(Por) | ||
| 072 |
_aF30; H10 _b0336 _b4020 |
||
| 090 | _ 0336 BR9901571 | ||
| 100 | 1 | _aPinheiro, J.B. | |
| 110 | 1 |
_aEscola Superior de Agricultura Luiz de Queiroz, Piracicaba, SP (Brasil) _0Tese (Doutor em Agronomia) |
|
| 245 | 1 | _aSelecao para caracteres agronomicos, em diferentes epocas de cultivo, de populacoes de soja com resistencia a insetos | |
| 260 | 3 |
_aPiracicaba, SP (Brasil): _c1998. |
|
| 300 | _a143 p. | ||
| 500 | _aSummaries (Eng, Por); Bibliography p. 74-109; 34 tables | ||
| 650 | _aSoja | ||
| 650 | _aCaracteristicas Agronomicas | ||
| 650 | _aInseto | ||
| 650 | _aSelecao Genetica | ||
| 650 | _aEpoca de Plantio | ||
| 650 | _aVariedade Resistente | ||
| 650 | _aPopulacao de Planta | ||
| 650 | _aCruzamento Vegetal | ||
| 909 |
_a202309 _bLucia _c55 _dLucia Elande |
||
| 942 | _cBK | ||
| 999 |
_c60779 _d60779 |
||